[Event "Budapest SixDays 11 IM"]
[Site "Budapest"]
[Date "2023.11.29"]
[Round "5"]
[White "Dhruva, Thota"]
[Black "Anishka, Vikram"]
[Result "1-0"]
[WhiteElo "2192"]
[BlackElo "1712"]
[PlyCount "89"]
[EventDate "2023.11.27"]
[EventType "tourn"]
[EventRounds "9"]
[EventCountry "HUN"]
[SourceTitle "CB49_2023"]
[SourceDate "2023.12.06"]
[SourceVersion "1"]
[SourceVersionDate "2023.12.06"]
[SourceQuality "1"]

1. Nf3 d5 2. g3 Nf6 3. Bg2 e6 4. d4 Be7 5. c4 0-0 6. 0-0 c6 7. Nc3 b6 8. Bg5 dxc4 9. Ne5 Nd5 10. Bxe7 Qxe7 11. Nxc4 Qb4 12. Rc1 Ba6 13. a3 Qe7 14. Ne5 Bb7 15. Ne4 f6 16. Nc4 Nd7 17. Ned6 Ba6 18. e4 Nc7 19. e5 fxe5 20. dxe5 Rad8 21. f4 c5 22. Qc2 Nd5 23. Rcd1 Bxc4 24. Nxc4 b5 25. Bxd5 exd5 26. Nd6 d4 27. b4 d3 28. Qxd3 cxb4 29. Qd5+ Kh8 30. axb4 a6 31. e6 Nf6 32. Qe5 Ng4 33. Qg5 Qxe6 34. Rfe1 Qf6 35. Qxf6 gxf6 36. Nf7+ Rxf7 37. Rxd8+ Kg7 38. Rde8 f5 39. R8e7 Nf6 40. Rxf7+ Kxf7 41. Re5 Kg6 42. Re6 Kf7 43. Rxa6 Nd5 44. Ra5 Nxb4 45. Rxb5 1-0

[Event "Budapest Vezerkepzo Fall IM"]
[Site "Budapest"]
[Date "2023.11.02"]
[Round "6"]
[White "Anishka, Vikram"]
[Black "Kushko, Dmitriy"]
[Result "0-1"]
[WhiteElo "1712"]
[BlackElo "2426"]
[PlyCount "74"]
[EventDate "2023.10.30"]
[EventType "tourn"]
[EventRounds "9"]
[EventCountry "HUN"]
[SourceTitle "Mega2024 Update 01"]
[Source "Chessbase"]
[SourceDate "2023.11.12"]
[SourceVersion "1"]
[SourceVersionDate "2023.11.12"]
[SourceQuality "1"]

1. d4 d5 2. c4 e6 3. Nc3 a6 4. Nf3 Nf6 5. cxd5 exd5 6. Bg5 Be6 7. e3 Nbd7 8. Qc2 Bd6 9. Bd3 c6 10. 0-0 Qc7 11. Rfe1 h6 12. Bh4 0-0 13. Bg3 Bxg3 14. hxg3 Nb6 15. Rec1 Ne8 16. Ne2 g5 17. Bf5 Bxf5 18. Qxf5 Qe7 19. Ne5 Nd6 20. Qd3 Rae8 21. Ng6 fxg6 22. Qxg6+ Kh8 23. Qxh6+ Qh7 24. Qxd6 Nc4 25. Qb4 a5 26. Qc3 Qh5 27. f3 Rxe3 28. Qc2 Re6 29. b3 Rh6 30. Qc3 Nd6 31. Kf1 Ne4 32. Qe3 Qh1+ 33. Ng1 Re6 34. Qe1 Qh2 35. Ne2 Rh6 36. Rc2 Rxf3+ 37. gxf3 Qh3+ 0-1

[Event "IND-ch U19 Girls"]
[Site "Ahmedabad"]
[Date "2023.09.21"]
[Round "3"]
[White "Anishka, Vikram"]
[Black "Keerti, Shree Reddy"]
[Result "1-0"]
[WhiteElo "1773"]
[BlackElo "1580"]
[PlyCount "111"]
[EventDate "2023.09.20"]
[EventType "swiss"]
[EventRounds "11"]
[EventCountry "IND"]
[SourceTitle "EXT 2024"]
[Source "ChessBase"]
[SourceDate "2023.10.10"]
[SourceVersion "1"]
[SourceVersionDate "2023.10.10"]
[SourceQuality "1"]

1. d4 Nf6 2. c4 e6 3. Nc3 Bb4 4. e3 0-0 5. Bd2 d5 6. Nf3 c5 7. a3 Bxc3 8. Bxc3 Nbd7 9. Rc1 b6 10. Bd3 dxc4 11. Bxc4 Qe7 12. 0-0 Bb7 13. Qe2 Rad8 14. Rfd1 h6 15. b4 Ne4 16. Be1 Ng5 17. Nxg5 Qxg5 18. f4 Qe7 19. bxc5 bxc5 20. Bb5 Nf6 21. dxc5 Rxd1 22. Rxd1 Rc8 23. Bb4 a5 24. c6 axb4 25. cxb7 Rb8 26. Ba6 Nd5 27. Rc1 Nc7 28. axb4 Nxa6 29. Qxa6 Rxb7 30. Qd3 f5 31. b5 Qb4 32. Rb1 Qc5 33. b6 Kh7 34. Qd4 Qc6 35. h3 Kg6 36. Kh2 Kh7 37. Rb2 Kg6 38. g4 Kh7 39. gxf5 exf5 40. Qb4 Kg6 41. Qb5 Qe4 42. Qc5 Kh5 43. Rd2 Kh4 44. Rg2 Qe6 45. Qc3 g5 46. fxg5 Qd6+ 47. Kg1 Rxb6 48. Qe1+ Kh5 49. g6 Qd3 50. Qf2 Rb1+ 51. Kh2 Rf1 52. Qxf1 Qxf1 53. g7 Qa1 54. g8Q Qe5+ 55. Kh1 Qa1+ 56. Rg1 1-0